|
|
|
|
| LEADER |
00000naa a2200000uu 4500 |
| 001 |
vtls011094632 |
| 003 |
SK-MaSNL |
| 005 |
20260302110713.0 |
| 008 |
210824|1997 xo |||||||||||||||||slo| |
| 015 |
|
|
|a SNBRA
|
| 035 |
|
|
|a (urnnbn)urn:nbn:sk:snk:ar-a0cta2
|
| 035 |
|
|
|a (uuid)6355dd6b-cf13-4723-ab78-593ccac4e430
|
| 035 |
|
|
|a urn:nbn:sk:snk-aavyx7
|
| 040 |
|
|
|a SNKBUCL
|b slo
|c SNKBUCL
|e AACR2
|
| 041 |
0 |
|
|a slo
|
| 044 |
|
|
|a xo
|c SK
|
| 100 |
1 |
|
|a Hlasica, Dušan
|4 aut
|9 8948
|
| 245 |
1 |
0 |
|a TRÉNINGOVÉ ZAŤAŽENIE V MIKROCYKLE HLAVNÉHO OBDOBIA
|c Dušan HLASICA
|
| 773 |
0 |
|
|t Výučba a tréning v športových hrách : zborník referátov z konferencie, Bratislava 19.-20.6. 1997
|d Bratislava : Peter Mačura, 1997
|g S. 132-135
|z 8088901006
|
| 958 |
|
|
|a OND
|
| 958 |
|
|
|a article12
|
| 958 |
|
|
|a chapter
|
| 999 |
|
|
|c 1244591
|d 1246521
|